Länder, die Georgien am meisten besuchen - Statistiken

Allgemein
  • Dieses Quiz wurde 39 mal gespielt
  • Das Durchschnittsergebnis liegt bei 12 aus 15
Antwortstatistiken
Platz Touristenankünfte Land % Korrekt
🥉 ~950.000 Armenien
100%
5. ~220.000 Aserbaidschan
100%
🥇 ~1.400.000 Russland
100%
11. ~90.000 China
92%
13. ~80.000 Deutschland
92%
🥈 ~1.340.000 Türkei
92%
7. ~150.000 Iran
86%
10. ~120.000 Ukraine
83%
6. ~180.000 Kasachstan
81%
9. ~124.000 Indien
69%
15. ~65.000 Usbekistan
64%
4. ~310.000 Israel
61%
14. ~70.000 Polen
61%
8. ~140.000 Belarus
56%
12. ~90.000 Saudi-Arabien
56%
Keine übereinstimmenden Quizze gefunden
Verteilung der Resultate
Anzahl Personen mit jedem Resultat
Perzentil nach korrekt beantworteten Fragen
Ihre Resultats-Entwicklung
Sie haben dieses Quiz noch nicht gespielt